[Event "Little Big Tourney I (2000/2300, 30+3)"]
[Site "SchemingMind.com"]
[Date "2011.03.18"]
[Round "-"]
[White "petros"]
[Black "Marcel51"]
[Result "1-0"]
[WhiteCountry "GBR"]
[BlackCountry "FRA"]
[WhiteElo "2343"]
[WhiteRD "79"]
[BlackElo "2157"]
[BlackRD "74"]
[GameID "278726"]

1. e4 e5 2. Nf3 Nc6 3. Bb5 a6 4. Ba4 Nf6 5. O-O b5 6. Bb3 Bd6 7. c3 Bb7 8. Re1 Be7 9. d4 d6 10. h3 O-O
11. Nbd2 h6 12. Qe2 Qd7 13. Nf1 Rfe8 14. Rd1 exd4 15. cxd4 Na5 16. Bc2 Bf8 17. Ng3 Nxe4 18. Bxe4 Bxe4 19. Nxe4 f5 20. Nf6+ gxf6
21. Qd3 Nc6 22. d5 Ne5 23. Qb3 Nxf3+ 24. Qxf3 Re4 25. Bd2 Rae8 26. Rac1 Ra4 27. a3 Rc4 28. b3 Rd4 29. Ba5 Rxd1+ 30. Qxd1 f4
31. Rxc7 Qf5 32. Qf3 Re5 33. Bd2 Qb1+ 34. Rc1 Qe4 35. Qg4+ Rg5 36. Qe6+ Qxe6 37. dxe6 Re5 38. Kf1 Rxe6 39. Rc6 f3 40. gxf3 Kf7
41. Rxa6 Re8 42. a4 bxa4 43. bxa4 Ke6 44. Rb6 f5 45. a5 Ra8 46. Ke2 Bg7 47. Kd3 Kd5 48. Rb5+ Ke6 49. Rb7 Bf8 50. Rh7 Kf6
51. Bc3+ Kg5 52. Rh8 Kf4 53. a6 Kxf3 54. Bd4 Rxa6 55. Rxf8 f4 56. Rf6 h5 57. h4 Ra3+ 58. Kc4 Kg4 59. Kd5 Kf3 60. Rxd6 Ra5+
61. Kc4 Kg4 62. Rg6+ Kxh4 63. Kd3 Kh3 64. Ke4 Ra4 65. Rf6 h4 66. Rxf4 Ra2 67. Bf6 Ra4+ 68. Kf3 Rxf4+ 69. Kxf4 Kg2 70. f3 Kh3
71. Bg5 Kh2 72. Bxh4 Kg1 73. Kg4 Kh2 74. f4
1-0

[Event "Little Big Tourney I (2000/2300, 30+3)"]
[Site "SchemingMind.com"]
[Date "2011.03.19"]
[Round "-"]
[White "BlackRussian"]
[Black "Marcel51"]
[Result "1-0"]
[WhiteCountry "GBR"]
[BlackCountry "FRA"]
[WhiteElo "2128"]
[WhiteRD "71"]
[BlackElo "2091"]
[BlackRD "78"]
[GameID "278727"]

1. e4 e5 2. Nf3 Nc6 3. d4 exd4 4. Nxd4 Nf6 5. Nc3 Bb4 6. Nxc6 bxc6 7. Bd3 O-O 8. O-O d5 9. exd5 cxd5 10. Bg5 c6
11. Qf3 a5 12. Ne2 Bg4 13. Bxf6 Rb8 14. Bxd8 Bxf3 15. Bg5 h6 16. Bf4 Bxe2 17. Bxe2 Rb7 18. Ba6 Ra7 19. Bd3 Rd8 20. c3 Bd6
21. Bxd6 Rxd6 22. Rfe1 Kf8 23. f3 Re6 24. Kf2 a4 25. f4 Rb7 26. Rxe6 fxe6 27. Rb1 Ke7 28. Ke3 Kd6 29. Bc2 Ra7 30. Bg6 Rb7
31. Kf3 e5 32. fxe5+ Kxe5 33. Bc2 Ra7 34. Re1+ Kd6 35. Bf5 Rf7 36. Kg4 Kc5 37. Re2 Kc4 38. Re3 Rb7 39. Bd3+ Kc5 40. Re2 Rb8
41. Kf5 Rb7 42. Kg6 Kd6 43. g4 h5 44. Kxh5 c5 45. Kg6 a3 46. b3 Rc7 47. Bf5 Kc6 48. Re6+ Kb7 49. Rd6 Re7 50. Rd7+ Rxd7
51. Bxd7 d4 52. cxd4 cxd4 53. Bf5 Kc6 54. h4 Kc5 55. Kxg7 Kb4 56. h5 Kc3 57. h6 d3 58. Bxd3 Kxd3 59. h7 Kc2 60. h8=Q Kb2
61. Qh2+ Kb1 62. b4
1-0

[Event "Little Big Tourney I (2000/2300, 30+3)"]
[Site "SchemingMind.com"]
[Date "2011.03.17"]
[Round "-"]
[White "Granny Gambit"]
[Black "Marcel51"]
[Result "1-0"]
[WhiteCountry "ENG"]
[BlackCountry "FRA"]
[WhiteElo "2343"]
[WhiteRD "69"]
[BlackElo "2091"]
[BlackRD "78"]
[GameID "278728"]

1. d4 d5 2. c4 e6 3. Nc3 Be7 4. cxd5 exd5 5. Bf4 Nc6 6. e3 Nf6 7. Bd3 O-O 8. a3 Bd6 9. Nge2 h6 10. O-O Bg4
11. Qc2 Re8 12. Rac1 a6 13. h3 Bxf4 14. Nxf4 Bc8 15. Na4 Ne7 16. Qxc7 Nc6 17. Qxd8 Rxd8 18. Nb6 Rb8 19. b4 Rd6 20. Rc2 g6
21. Rfc1 Be6 22. Na4 Bd7 23. Nc5 g5 24. Ne2 Kg7 25. f3 Ne8 26. Kf2 Ne7 27. a4 Bc8 28. g4 Ra8 29. a5 Nc6 30. Nxa6 Bd7
31. b5 Nd8 32. Nc5 Rxa5 33. Nxd7 Rxd7 34. Ng3 Kf6 35. b6 Ne6 36. Nf5 Nd6 37. Rc7 Ra2+ 38. Kf1 Nxc7 39. bxc7 Nc8 40. e4 dxe4
41. fxe4 Ra4 42. Rc5 Nb6 43. d5 Ra1+ 44. Kf2 Ra3 45. Bb5 Re7 46. Nxe7 Kxe7 47. e5 Rxh3 48. d6+ Ke6 49. d7 Nxd7 50. c8=Q
1-0

[Event "Little Big Tourney I (2000/2300, 30+3)"]
[Site "SchemingMind.com"]
[Date "2011.03.23"]
[Round "-"]
[White "Tuisceanach44"]
[Black "Marcel51"]
[Result "0-1"]
[WhiteCountry "IRL"]
[BlackCountry "FRA"]
[WhiteElo "1951"]
[WhiteRD "62"]
[BlackElo "2157"]
[BlackRD "74"]
[GameID "278729"]

1. d4 d5 2. Nc3 Nf6 3. Bg5 c6 4. f3 h6 5. Bxf6 exf6 6. e4 dxe4 7. fxe4 Qb6 8. Na4 Qa5+ 9. c3 b5 10. Nc5 Bxc5
11. dxc5 b4 12. Qd4 bxc3 13. b4 Qa4 14. Bc4 a5 15. Qxc3 axb4 16. Qg3 Qc2 17. Bb3 Qxe4+ 18. Ne2 O-O 19. Kf2 Nd7 20. Rhe1 Ba6
21. Nf4 Nxc5 22. Kg1 Qd4+ 23. Kh1 g5 24. Ng6 Rfe8 25. Rad1 Ne4
0-1